000
00335nam a2200109Ia 4500
008
200619s9999 xx 000 0 und d
082
_a
323CHA
100
_a
Chakravarthy Manu N.
245
0
_a
Conflating Demography & Theory : Emerging trends in Feminist Studies
942
_c
IR
999
_c
119931
_d
119931